Condiciones para que la sociedad armonice con la naturaleza

Uloženo v:
Podrobná bibliografie
Médium: Text
Tagy: Přidat tag
Žádné tagy, Buďte první, kdo vytvoří štítek k tomuto záznamu!

MARC

LEADER 00000 a a2200000 04500
001 47007
003
040
245 |a Condiciones para que la sociedad armonice con la naturaleza  
773 |g volumen12, número89, (1980), páginas 89-96  
999 |c 39248  |d 39248